| 000 | 00769nam a2200145Ia 4500 | ||
|---|---|---|---|
| 008 | 231221s9999 xx 000 0 und d | ||
| 041 | _aEnglish | ||
| 100 | _aMadalli, Devika P. | ||
| 245 | 0 | _aOverview of Open Source Software for Digital Libraries [electronic resource : presentation] | |
| 260 |
_c2005 _bDELNET/PESIT _aBangalore |
||
| 510 | _aPresentation given during the National Convention on Library and Information Newtorking (NACIN 2005) held at PES Institute of Technology Bangalore August 22-25, 2005 on ' Strategies for Managing Knowledge Resoruces : Promoting Research, Education and Skills' | ||
| 650 | _aDigital Library | ||
| 650 | _aopen source Karma and Forgivness On Healing Emotional Pain Karma and Forgivness healing, Emotional Pain | ||
| 942 | _cDL | ||
| 999 |
_c203917 _d203917 |
||